000 00675nam a22002537a 4500
001 BR3100018
003 BR-BrBNA
005 20230928082844.0
007 ta
008 230509b bl.||||| |||| 00| 0 por d
040 _aBR-BrBNA
_bpor
_cBiblioteca Nacional de Agricultura
041 _a(Por)
072 _aA00; B50
_b/G514
090 _ A00 BR3100018
100 1 _aMoraes, R.
245 1 _aO meu diccionario de cousas da Amazonia [Agricultura; Historia; Brasil]
260 3 _aRio de Janeiro, GB (Brasil):
_c1931.
300 _av. 1-2
650 _aAgricultura
650 _aHistoria
650 _aAmazonia
909 _a202309
_bLucia
_c55
_dLucia Elande
942 _cBK
999 _c10289
_d10289